| 000 | 00430pab a2200169 454500 | ||
|---|---|---|---|
| 008 | 180718b2000 xxu||||| |||| 00| 0 eng d | ||
| 100 | _aMenon, Mohan B. | ||
| 245 | _aOpen universities in India at crossroads | ||
| 260 | _c2000 | ||
| 300 | _ap.71-75 | ||
| 362 | _a7 Feb | ||
| 650 | _aUniversities - India | ||
| 650 | _aOpen universities - India | ||
| 650 | _aOpen universities | ||
| 773 | _aUniversity News | ||
| 909 | _a43954 | ||
| 999 |
_c43954 _d43954 |
||